[Event "Ogolnopolska Olimpiada Mlodziezy w Sportach Umyslowych - C14"]
[Site "Walbrzych, Zamek Ksiaz"]
[Date "2013-04-17"]
[Round "6.6"]
[White "Janiszewski, Filip"]
[Black "Koziol, Kamil"]
[Result "0-1"]
[WhiteTitle "I"]
[BlackTitle "I++"]
[WhiteElo "1745"]
[BlackElo "2006"]

1. e4 d5 2. exd5 Nf6 3. d4 Bg4 4. Ne2 Nxd5 5. c4 Nf6 6. Nbc3 e6 7. Be3 Nc6 8. f3
Bf5 9. g4 Bg6 10. h4 h5 11. g5 Ng8 12. Nf4 Nge7 13. Bh3 Nf5 14. Bxf5 Bxf5 15.
Qa4 Qd7 16. O-O-O Nb4 17. Qxd7+ Kxd7 18. d5 e5 19. Nfe2 Nd3+ 20. Rxd3 Bxd3 21.
b3 Bxe2 22. Nxe2 Ba3+ 23. Kc2 f5 24. f4 Rae8 25. Kd3 Bd6 26. fxe5 Bxe5 27. Bf4
c6 28. Bxe5 Rxe5 29. Nf4 Rhe8 30. Nxh5 Re3+ 31. Kd2 Re2+ 32. Kc3 c5 33. Rh3 R8e3+
34. Rxe3 Rxe3+ 35. Kd2 Rh3 36. Nxg7 Rxh4 37. Nxf5 Rh5 38. Ng7 Rxg5 39. Ne6 Rg2+
40. Kc3 Kd6 41. a4 Rg8 42. Kd3 b6 43. Kc3 a6 44. Nf4 Rb8 45. Nd3 Rf8 46. Kc2 Rf3
47. Kd2 Rh3 48. Kc2 Rg3 49. Kd2 Rg4 50. Kc3 Re4 51. b4 Rg4 52. b5 a5 53. Kb3 Rg3
54. Kc2 Rf3 55. Nb2 Ke5 56. Kd2 Kd4 57. Kc2 Rh3 58. d6 Rh2+ 59. Kb3 Rh3+ 60. Kc2
Rh6 61. d7 Rd6 62. Kb3 Rxd7 63. Ka2 Kc3 64. Ka3 Rd2 65. Ka2 Rxb2+ 66. Ka3 Rd2
0-1

[Event "Ogolnopolska Olimpiada Mlodziezy w Sportach Umyslowych - C14"]
[Site "Walbrzych, Zamek Ksiaz"]
[Date "2013-04-17"]
[Round "6.7"]
[White "Adamczyk, Pawel"]
[Black "Pham, Juliusz"]
[Result "0-1"]
[WhiteTitle "II"]
[BlackTitle "I"]
[WhiteElo "1645"]
[BlackElo "1795"]

1. e4 e5 2. Nf3 Nc6 3. d4 exd4 4. Nxd4 Bc5 5. Nb3 Bb6 6. Nc3 Nf6 7. Qe2 d6 8. Be3
Be6 9. O-O-O Qe7 10. h3 O-O-O 11. Bxb6 axb6 12. Nd4 Rhe8 13. g3 Nxd4 14. Rxd4
Bd7 15. Bg2 Bc6 16. Re1 Qe5 17. Rdd1 Qc5 18. Qd2 Nd7 19. f4 b5 20. Nd5 Nb6 21.
Nxb6+ Qxb6 22. Kb1 f6 23. Bh1 Qc5 24. a3 Rd7 25. Re2 Rde7 26. Rde1 Kb8 27. g4
Qc4 28. Qd3 g6 29. Bg2 f5 30. gxf5 gxf5 31. e5 Qxf4 32. exd6 Rxe2 33. dxc7+ Kxc7
34. Rxe2 Rd8 35. Qc3 Rd1+ 36. Ka2 Qc4+ 37. Qxc4 bxc4 38. Bxc6 Kxc6 39. Rf2 Rd5
40. Kb1 Kd6 41. Kc1 Ke5 42. Re2+ Kf4 43. Re7 Kg3 44. Rg7+ Kxh3 45. Rxh7+ Kg3 46.
Rg7+ Kf3 47. Rxb7 f4 48. Rc7 Ke2 49. Re7+ Kf2 50. Re4 f3 51. Rxc4 Ke3 52. Rc3+
Ke2 53. Kb1 f2 54. Ka2 f1=Q 0-1

[Event "Ogolnopolska Olimpiada Mlodziezy w Sportach Umyslowych - C14"]
[Site "Walbrzych, Zamek Ksiaz"]
[Date "2013-04-17"]
[Round "6.8"]
[White "Bilczewski, Kacper"]
[Black "Szulc, Filip"]
[Result "1-0"]
[WhiteTitle "I"]
[BlackTitle "II+"]
[WhiteElo "1791"]
[BlackElo "1615"]

1. e4 c5 2. c3 d5 3. exd5 Qxd5 4. d4 Nf6 5. Nf3 e6 6. Be2 Be7 7. O-O O-O 8. c4
Qd8 9. dxc5 Bxc5 10. Nc3 a6 11. Bf4 Nc6 12. a3 Be7 13. Qc2 Nd4 14. Nxd4 Qxd4 15.
Bg3 Rd8 16. Rfd1 Qb6 17. Na4 Qa7 18. Bc7 Rxd1+ 19. Rxd1 Nd7 20. b4 b6 21. Bf3
Qxc7 22. Bxa8 b5 23. Nb2 Nb6 24. Be4 f5 25. Bd3 Bf6 26. cxb5 Qxc2 27. Bxc2 Nd5
28. Nc4 axb5 29. Nd6 Bd7 30. Nxf5 Be8 31. Ne3 Nc3 32. Rd6 Bf7 33. Rc6 g6 34. Ng4
Ne2+ 35. Kf1 Nd4 36. Nxf6+ Kg7 37. Nh5+ gxh5 38. Rc5 Bg6 39. Bxg6 hxg6 40. Ke1
Kf6 41. Kd2 e5 42. Kd3 g5 43. Ke4 Ne6 44. Rxb5 1-0

[Event "Ogolnopolska Olimpiada Mlodziezy w Sportach Umyslowych - C14"]
[Site "Walbrzych, Zamek Ksiaz"]
[Date "2013-04-17"]
[Round "6.9"]
[White "Mockun, Dawid"]
[Black "Fukowski, Pawel"]
[Result "0-1"]
[WhiteTitle "II+"]
[BlackTitle "I"]
[WhiteElo "1749"]
[BlackElo "1641"]

1. d4 Nf6 2. Nf3 g6 3. c4 Bg7 4. Nc3 O-O 5. Bg5 d6 6. e3 Nbd7 7. Be2 c5 8. O-O
a6 9. Rc1 b6 10. Qc2 Bb7 11. a3 h6 12. Bh4 a5 13. Rfd1 Ba6 14. Nd2 Qc7 15. d5
Rae8 16. Bg3 Nh7 17. e4 Kh8 18. Kh1 Rd8 19. f4 g5 20. Rf1 e6 21. dxe6 fxe6 22.
Bg4 Rde8 23. f5 e5 24. Nd5 Qa7 25. Bh5 Ra8 26. Ne7 Rf6 27. Ng6+ Kg8 28. Qd3 Qb7
29. Qd5+ Qxd5 30. exd5 Rf7 31. Ne4 Nhf6 32. Nxd6 Nxh5 33. Nxf7 Nxg3+ 34. hxg3
Kxf7 35. g4 Re8 36. Kh2 Nf6 37. Kh3 Ne4 38. Rc2 Nd6 39. b3 a4 40. bxa4 Bxc4 41.
Rff2 e4 42. Rc1 e3 43. Rfc2 Bd3 44. Ra2 e2 45. Rd2 Ba6 46. a5 bxa5 47. Rxe2 Bxe2
48. Rxc5 Rc8 49. Rxa5 Rc7 50. Ra8 Rd7 51. a4 Nc4 52. a5 Ne5 53. Nxe5+ Bxe5 54.
a6 Bd4 55. Rc8 Bxa6 56. Rc6 Bb7 57. Rxh6 Bxd5 58. Rg6 Bf6 59. Kg3 Ra7 60. Kh2
Ra1 61. Kg3 Rf1 62. Kh3 Be5 63. Rxg5 Rh1# 0-1

[Event "Ogolnopolska Olimpiada Mlodziezy w Sportach Umyslowych - C14"]
[Site "Walbrzych, Zamek Ksiaz"]
[Date "2013-04-17"]
[Round "6.10"]
[White "Kotarski, Bartosz"]
[Black "Klepek, Witold"]
[Result "0-1"]
[WhiteTitle "II"]
[BlackTitle "I"]
[WhiteElo "1449"]
[BlackElo "1739"]

1. e4 e6 2. d4 d5 3. Nd2 c5 4. dxc5 Bxc5 5. Bd3 Nf6 6. e5 Nfd7 7. Qg4 Kf8 8. Qg3
Nc6 9. Nb3 Ndxe5 10. Be2 Bd6 11. Bf4 Qc7 12. Nh3 f6 13. O-O Nf7 14. Rad1 e5 15.
Bc1 Be6 16. f4 e4 17. Qh4 f5 18. Ng5 Nxg5 19. fxg5 Ke8 20. Kh1 Kd7 21. c4 Ne7
22. cxd5 Bxd5 23. Bb5+ Kc8 24. Qh3 g6 25. Be3 a6 26. Be2 b6 27. Rc1 Nc6 28. Rfd1
Bxb3 29. axb3 Kb8 30. Bxb6 Qxb6 31. Rxd6 Rc8 32. Qxh7 Ra7 33. Qxg6 Rac7 34. Rf1
Qe3 35. Bxa6 Ne7 36. Rb6+ Ka7 37. Qd6 Qxb6 38. Qxb6+ Kxb6 39. Bxc8 Rxc8 40. g4
Kc5 41. Kg2 Kd4 42. Kg3 e3 43. Rd1+ Ke4 44. Rf1 e2 45. Re1 f4+ 46. Kf2 f3 47.
h4 Ng6 48. h5 Ne5 0-1

[Event "Ogolnopolska Olimpiada Mlodziezy w Sportach Umyslowych - C14"]
[Site "Walbrzych, Zamek Ksiaz"]
[Date "2013-04-17"]
[Round "6.11"]
[White "Kaczkowski, Maciej"]
[Black "Zaleski, Lukasz"]
[Result "0-1"]
[WhiteTitle "II"]
[BlackTitle "I"]
[WhiteElo "1651"]
[BlackElo "1791"]

1. e4 e6 2. d4 d5 3. Nd2 dxe4 4. Nxe4 Nd7 5. Nf3 Ngf6 6. Bd3 Nxe4 7. Bxe4 Nf6 8.
Bg5 Be7 9. Bxf6 gxf6 10. Qe2 c6 11. O-O-O Qa5 12. Kb1 Bd7 13. Nd2 O-O-O 14. f4
Qc7 15. Rhf1 Be8 16. c3 f5 17. Bc2 c5 18. dxc5 Bxc5 19. Nb3 Rxd1+ 20. Qxd1 Bd6
21. g3 Bb5 22. Bd3 Bxd3+ 23. Qxd3 Rd8 24. Qc2 Be7 25. Nd4 a6 26. Nf3 Bf6 27. Re1
Qc6 28. Qe2 Qd5 29. a3 Qd3+ 30. Qxd3 Rxd3 31. Ne5 Bxe5 32. Rxe5 Rd2 33. h3 h5
34. Re3 Rh2 35. h4 Rg2 36. Rd3 Kc7 37. Ka2 Re2 38. a4 Re4 39. b4 b5 40. Kb3 Re1
41. axb5 axb5 42. Kc2 Re2+ 43. Kb3 Re4 44. Kc2 Rc4 45. Kd2 f6 46. Kc2 e5 47. fxe5
fxe5 48. Rf3 f4 49. gxf4 exf4 50. Rd3 Kc6 51. Kd2 Re4 52. Kd1 Re5 53. Kc2 Re2+
54. Rd2 Rxd2+ 55. Kxd2 Kd5 56. Kd3 f3 57. Ke3 Kc4 58. Kxf3 Kxc3 59. Kf4 Kxb4 60.
Kg5 Kc5 61. Kxh5 b4 62. Kg6 b3 63. h5 b2 64. h6 b1=Q+ 65. Kg7 Qg1+ 66. Kh8 Qf2
67. Kg7 Qg3+ 68. Kf6 Qf4+ 69. Kg6 Qf8 0-1

[Event "Ogolnopolska Olimpiada Mlodziezy w Sportach Umyslowych - C14"]
[Site "Walbrzych, Zamek Ksiaz"]
[Date "2013-04-17"]
[Round "6.12"]
[White "Januszkiewicz, Wojciech"]
[Black "Krasinski, Mateusz"]
[Result "1-0"]
[WhiteTitle "I"]
[BlackTitle "II"]
[WhiteElo "1729"]
[BlackElo "1646"]

1. d4 Nf6 2. c4 c5 3. Nf3 cxd4 4. Nxd4 e5 5. Nb5 d5 6. cxd5 a6 7. N5c3 Bc5 8. e3
b5 9. a3 Bb7 10. e4 Qb6 11. Qf3 Nbd7 12. Bd3 Bd4 13. O-O Nc5 14. Bc2 O-O 15. Ne2
b4 16. Nxd4 exd4 17. b3 d3 18. Bxd3 Nxb3 19. Be3 Nd4 20. Qd1 Rfe8 21. e5 g6 22.
exf6 b3 23. Bxg6 Rxe3 24. fxe3 b2 25. Bxh7+ Kxh7 26. Qh5+ Kg8 27. Qh6 Nf5 28.
Rxf5 Qxe3+ 29. Qxe3 bxa1=Q 30. Rg5+ 1-0

[Event "Ogolnopolska Olimpiada Mlodziezy w Sportach Umyslowych - C14"]
[Site "Walbrzych, Zamek Ksiaz"]
[Date "2013-04-17"]
[Round "6.13"]
[White "Choina, Michal"]
[Black "Nowak, Kamil"]
[Result "0-1"]
[WhiteTitle "II"]
[BlackTitle "II+"]
[WhiteElo "1575"]
[BlackElo "1728"]

1. e4 c5 2. Nf3 d6 3. d4 cxd4 4. Nxd4 Nf6 5. Nc3 a6 6. Be3 e5 7. Nb3 Be6 8. Be2
Be7 9. O-O Nbd7 10. Qd2 O-O 11. f4 b5 12. a3 Rc8 13. Qe1 Qc7 14. Nd2 exf4 15.
Bxf4 Ne5 16. h3 Ng6 17. Bh2 Qc5+ 18. Kh1 Nd7 19. Nb3 Qc7 20. Nd4 Nde5 21. Nxe6
fxe6 22. Qd2 Bf6 23. Rfd1 Rfd8 24. Qe3 Nf7 25. Rd3 Nge5 26. Rdd1 Nd7 27. Rd3 Nc5
28. Rdd1 Nb7 29. Bg1 Bxc3 30. bxc3 Qxc3 31. Qxc3 Rxc3 32. Bd3 Nc5 33. Rd2 Nxd3
34. cxd3 Rdc8 35. a4 b4 36. a5 Ne5 37. d4 Nc4 38. Re2 b3 39. e5 d5 40. Bf2 b2
41. Rb1 Rc1+ 42. Re1 Rxb1 43. Rxb1 Rb8 0-1

[Event "Ogolnopolska Olimpiada Mlodziezy w Sportach Umyslowych - C14"]
[Site "Walbrzych, Zamek Ksiaz"]
[Date "2013-04-17"]
[Round "6.14"]
[White "Szmer, Aleksander"]
[Black "Belczewski, Jacek"]
[Result "0-1"]
[WhiteTitle "I"]
[BlackTitle "II+"]
[WhiteElo "1739"]
[BlackElo "1650"]

1. Nf3 e6 2. g3 f5 3. d4 Nf6 4. Bg2 d5 5. O-O Bd6 6. c4 c6 7. b3 O-O 8. Ba3 Bxa3
9. Nxa3 Bd7 10. c5 Be8 11. Nc2 Bh5 12. Ne5 Nbd7 13. Nxd7 Qxd7 14. Ne1 Rfe8 15.
Nd3 Qe7 16. Qd2 Nd7 17. f4 h6 18. Rfe1 g5 19. e3 Kh8 20. b4 Bf7 21. a4 h5 22.
Kf2 Qf6 23. Qb2 Rab8 24. Qc3 h4 25. b5 Rg8 26. Rab1 Qg7 27. Rh1 Bh5 28. Ne5 Nxe5
29. dxe5 gxf4 30. exf4 Rbd8 31. Qd3 Qe7 32. Rbc1 Qc7 33. bxc6 Qxc6 34. Qb5 Rc8
35. Rc2 Rc7 36. Rb1 b6 37. Rbc1 Rgc8 38. Bf1 Qxb5 39. Bxb5 Rxc5 40. Rxc5 Rxc5
41. Rxc5 bxc5 42. Bd7 Bf7 43. g4 fxg4 44. f5 exf5 45. e6 Bg6 46. e7 Kg7 47. Bxf5
Be8 48. a5 Kf6 49. Bxg4 Kxe7 50. Ke3 Kd6 51. Bf5 Bd7 52. Bg6 Ke5 53. Bh7 d4+ 54.
Kd2 c4 55. Bg8 Be6 56. Bh7 c3+ 57. Kc1 Bf5 58. Bg8 d3 59. Bc4 d2+ 60. Kd1 Bg4+
0-1

[Event "Ogolnopolska Olimpiada Mlodziezy w Sportach Umyslowych - C14"]
[Site "Walbrzych, Zamek Ksiaz"]
[Date "2013-04-17"]
[Round "6.15"]
[White "Bandyk, Sebastian"]
[Black "Czerniawski, Krzysztof"]
[Result "0-1"]
[WhiteTitle "II+"]
[BlackTitle "I"]
[WhiteElo "1582"]
[BlackElo "1696"]

1. e4 c5 2. Nf3 d6 3. d4 cxd4 4. Nxd4 Nf6 5. f3 e5 6. Bb5+ Nbd7 7. Nf5 a6 8. Bxd7+
Qxd7 9. Bg5 d5 10. Bxf6 gxf6 11. Ne3 dxe4 12. Nd5 Qc6 13. fxe4 Be7 14. Nbc3 Be6
15. O-O Rd8 16. Qf3 Bc5+ 17. Kh1 f5 18. Rad1 Bd4 19. Nf6+ Ke7 20. Ncd5+ Kf8 21.
c3 fxe4 22. Qxe4 Bxd5 23. Nxd5 Qxd5 24. Qxd5 Rxd5 25. cxd4 Rxd4 26. Rxd4 exd4
27. Rd1 Ke7 28. Rxd4 Rc8 29. Kg1 Rc1+ 30. Kf2 Rc2+ 31. Kg3 Rxb2 32. Re4+ Kf6 33.
Rf4+ Kg7 34. Ra4 Rb5 35. Kg4 Kg6 36. Kg3 a5 37. Kf4 b6 38. g4 Kf6 39. h4 Rb2 40.
Ke4 Rh2 41. g5+ Kg6 42. Kf3 Rc2 43. Kg4 Rg2+ 44. Kf3 Rg1 45. Kf2 Ra1 46. Kg3 h5
47. Kf4 f6 48. gxf6 Kxf6 49. Rc4 Rf1+ 50. Ke4 Re1+ 51. Kf4 Re6 52. a4 Rd6 53.
Ke4 Ke6 54. Kf4 Kd5 55. Rc1 Rg6 56. Kf5 Rg4 57. Rd1+ Kc6 58. Rc1+ Kb7 59. Ra1
Rxh4 60. Kg5 Rh3 61. Rb1 Ra3 62. Kxh5 Rxa4 63. Kg5 Re4 0-1

[Event "Ogolnopolska Olimpiada Mlodziezy w Sportach Umyslowych - C14"]
[Site "Walbrzych, Zamek Ksiaz"]
[Date "2013-04-17"]
[Round "6.16"]
[White "Snihur, Adam"]
[Black "Szustakowski, Antoni"]
[Result "1-0"]
[WhiteTitle "II"]
[BlackTitle "II"]
[WhiteElo "1683"]
[BlackElo "1531"]

1. e4 c6 2. d4 d5 3. exd5 cxd5 4. Bd3 Nc6 5. c3 Nf6 6. Bf4 Bg4 7. Qb3 Qc8 8. Nd2
e6 9. Ngf3 Be7 10. O-O O-O 11. Rae1 Re8 12. Ne5 Nxe5 13. Bxe5 a6 14. Qc2 g6 15.
f3 Bf5 16. Bxf5 exf5 17. Re2 Qd7 18. Bxf6 Bxf6 19. Rfe1 Rac8 20. Rxe8+ Rxe8 21.
Rxe8+ Qxe8 22. Kf2 Bg5 23. Nf1 b5 24. Qe2 Qc6 25. Ne3 h5 26. Qd3 Qe6 27. Nc2 Be7
28. Qe2 Qd7 29. f4 Bd6 30. Qf3 Be7 31. Ne3 Kf8 32. Nxd5 Bd6 33. Nf6 Qc7 34. Qa8+
Qb8 35. Qxb8+ Bxb8 36. Nd7+ 1-0

[Event "Ogolnopolska Olimpiada Mlodziezy w Sportach Umyslowych - C14"]
[Site "Walbrzych, Zamek Ksiaz"]
[Date "2013-04-17"]
[Round "6.17"]
[White "Badyra, Wasyl"]
[Black "Fudalej, Slawomir"]
[Result "0-1"]
[WhiteTitle "II"]
[BlackTitle "II+"]
[WhiteElo "1681"]
[BlackElo "1620"]

1. e4 e5 2. Nf3 Nc6 3. Bc4 Bc5 4. c3 Nf6 5. d4 exd4 6. e5 d5 7. Bb5 Ne4 8. cxd4
Bb6 9. Nc3 Bg4 10. h3 Bf5 11. O-O O-O 12. Be3 f6 13. Qb3 Nxc3 14. bxc3 fxe5 15.
Bxc6 bxc6 16. Nxe5 Qd6 17. c4 Rab8 18. Qa4 c5 19. cxd5 cxd4 20. Bxd4 Qxd5 21.
Nc6 Rbe8 22. Bxb6 axb6 23. Rad1 Qf7 24. Qf4 Qg6 25. Ne5 Qe6 26. Qc4 Qxc4 27. Nxc4
Be6 28. Rc1 Ra8 29. Rfe1 Rfe8 30. Re5 Bxc4 31. Rxe8+ Rxe8 32. Rxc4 c5 33. a4 Ra8
34. Kh2 Kf7 35. Kg3 Ke6 36. Kf3 Kd5 37. Rg4 g6 38. Ke3 c4 39. Rg5+ Kc6 40. Kd4
Rxa4 41. f4 b5 42. Rc5+ Kb6 43. Rc8 Ra3 44. Rb8+ Kc6 45. Rc8+ Kb7 46. Rh8 h5 47.
Rh7+ Kc6 48. Rh8 Rd3+ 49. Ke4 Kc5 50. Rc8+ Kb4 51. g4 hxg4 52. hxg4 Rd7 53. Rc6
c3 54. Ke5 Kb3 55. Rxg6 Rc7 56. Rh6 c2 57. Rh1 b4 58. g5 Ka2 59. Rh2 b3 60. g6
Ka3 61. Rh1 b2 62. Rh3+ Ka2 63. Rh7 Rxh7 64. gxh7 b1=Q 65. Ke6 Qb8 0-1

[Event "Ogolnopolska Olimpiada Mlodziezy w Sportach Umyslowych - C14"]
[Site "Walbrzych, Zamek Ksiaz"]
[Date "2013-04-17"]
[Round "6.18"]
[White "Oleszek, Maciej"]
[Black "Pytel, Przemyslaw"]
[Result "1-0"]
[WhiteTitle "II+"]
[BlackTitle "II"]
[WhiteElo "1667"]
[BlackElo "1389"]

1. d4 Nf6 2. c4 e6 3. Nf3 b6 4. Nc3 Bb4 5. Bd2 Bb7 6. e3 d6 7. Be2 Nbd7 8. O-O
Bxc3 9. Bxc3 Ne4 10. Qc2 Nxc3 11. Qxc3 Nf6 12. Qc2 Ne4 13. d5 Nf6 14. e4 e5 15.
b4 Nd7 16. Rab1 Ba6 17. Qa4 Qc8 18. Nd2 Rb8 19. Rfc1 O-O 20. Bg4 Rd8 21. c5 bxc5
22. bxc5 Rxb1 23. Rxb1 h5 24. Bh3 Bd3 25. Rc1 dxc5 26. Qxa7 c4 27. Nxc4 Bxc4 28.
Rxc4 Qb8 29. Qxc7 Nf6 30. Qxb8 Rxb8 31. Rc8+ Rxc8 32. Bxc8 Nxe4 33. Bb7 Kf8 34.
Bc6 Ke7 35. f3 Nc3 36. a3 Kd6 37. Kf2 Nxd5 38. Bxd5 Kxd5 39. Ke3 f5 40. Kd3 g5
41. h3 Kc5 42. Kc3 Kb5 43. Kd3 Kc5 44. a4 Kb4 45. a5 Kxa5 46. Kc4 Kb6 47. Kd5
e4 48. fxe4 f4 49. Ke5 Kc5 50. Kf5 Kd4 51. Kxg5 Kxe4 52. Kxh5 Kf5 53. Kh4 f3 54.
gxf3 Kf4 55. Kh5 Kf5 56. h4 1-0

[Event "Ogolnopolska Olimpiada Mlodziezy w Sportach Umyslowych - C14"]
[Site "Walbrzych, Zamek Ksiaz"]
[Date "2013-04-17"]
[Round "6.19"]
[White "Michalski, Filip"]
[Black "Molenda, Mikolaj"]
[Result "1-0"]
[WhiteTitle "II"]
[BlackTitle "II"]
[WhiteElo "1665"]
[BlackElo "1346"]

1. d4 Nf6 2. c4 c5 3. Nf3 cxd4 4. Nxd4 g6 5. Nc3 Bg7 6. e3 Nc6 7. Be2 O-O 8. O-O
d6 9. b3 Bd7 10. Bb2 Rc8 11. Qd2 Qa5 12. Rfd1 Nxd4 13. exd4 e6 14. a3 Qf5 15.
Qe3 d5 16. c5 Qc2 17. Rab1 Qf5 18. b4 b6 19. Bd3 Qh5 20. Ne2 Ng4 21. Qg3 Bh6 22.
h3 Nf6 23. b5 bxc5 24. dxc5 Ne4 25. Bxe4 Qxe2 26. Qc3 f6 27. Bd3 Qh5 28. c6 Be8
29. Re1 e5 30. Qc5 d4 31. Qxa7 Bf7 32. c7 Ra8 33. Qb7 Rac8 34. b6 Bb3 35. Qxc8
Rxc8 36. b7 1-0

[Event "Ogolnopolska Olimpiada Mlodziezy w Sportach Umyslowych - C14"]
[Site "Walbrzych, Zamek Ksiaz"]
[Date "2013-04-17"]
[Round "6.21"]
[White "Kozakow, Aleksy"]
[Black "Ruttar, Lukasz"]
[Result "1/2-1/2"]
[WhiteTitle "II+"]
[BlackTitle "II"]
[WhiteElo "1619"]
[BlackElo "1471"]

1. Nf3 d5 2. g3 Nf6 3. Bg2 Bf5 4. b3 g6 5. Bb2 Bg7 6. O-O O-O 7. c4 c6 8. d3 dxc4
9. bxc4 Na6 10. e4 Be6 11. e5 Nd7 12. Nbd2 Re8 13. d4 Qc7 14. Re1 Rad8 15. Qe2
f6 16. Rac1 Qa5 17. a3 fxe5 18. Ng5 Nf8 19. Bc3 Qc7 20. Nxe6 Nxe6 21. d5 Nd4 22.
Bxd4 exd4 23. dxc6 bxc6 24. Qe6+ Kh8 25. Qxc6 Qa5 26. Rcd1 Nb8 27. Qe6 Qxa3 28.
Nf3 Qc5 29. Ne5 Bxe5 30. Rxe5 Qd6 31. Bd5 Nd7 32. Qxd6 exd6 33. Rxe8+ Rxe8 34.
Bc6 Rd8 35. Bxd7 Rxd7 36. Rxd4 a6 37. c5 d5 38. c6 Rc7 39. Rxd5 Rxc6 40. Rd7 a5
41. Ra7 Rc1+ 42. Kg2 Ra1 43. h4 1/2-1/2

[Event "Ogolnopolska Olimpiada Mlodziezy w Sportach Umyslowych - C14"]
[Site "Walbrzych, Zamek Ksiaz"]
[Date "2013-04-17"]
[Round "6.22"]
[White "Rudecki, Bartosz"]
[Black "Klementowski, Dawid"]
[Result "0-1"]
[WhiteTitle "II"]
[BlackTitle "I"]
[WhiteElo "1649"]
[BlackElo "1734"]

1. e4 c5 2. Nf3 Nf6 3. Nc3 Nc6 4. Bc4 d6 5. d3 Bg4 6. Bg5 a6 7. Bxf6 gxf6 8. h3
Bxf3 9. gxf3 Bh6 10. Rg1 e6 11. f4 Bxf4 12. Qh5 Nd4 13. Rg7 Qe7 14. Ne2 Nxe2 15.
Kxe2 Rf8 16. Rb1 O-O-O 17. Qg4 Be5 18. Rxh7 Kb8 19. a4 d5 20. Ba2 dxe4 21. Qxe4
Rd4 22. Qg2 Rxa4 23. Bb3 Rf4 24. h4 Qd6 25. c3 f5 26. Re1 Qb6 27. Kf1 Qxb3 28.
Rxe5 Qd1+ 29. Re1 Qxd3+ 30. Re2 Ka7 31. f3 Rxf3+ 32. Ke1 Qb1+ 0-1

[Event "Ogolnopolska Olimpiada Mlodziezy w Sportach Umyslowych - C14"]
[Site "Walbrzych, Zamek Ksiaz"]
[Date "2013-04-17"]
[Round "6.23"]
[White "Domanski, Lukasz"]
[Black "Tylenda, Krzysztof"]
[Result "1-0"]
[WhiteTitle "II"]
[BlackTitle "II+"]
[WhiteElo "1637"]
[BlackElo "1507"]

1. e4 c5 2. Nf3 Nc6 3. Bb5 g6 4. Bxc6 bxc6 5. O-O d5 6. e5 Bg7 7. h3 Qc7 8. Re1
e6 9. d3 Rb8 10. b3 h6 11. c4 Ne7 12. Nc3 Nf5 13. Na4 Nd4 14. Bb2 Nxf3+ 15. Qxf3
Bf8 16. Ba3 Qa5 17. Qe3 d4 18. Qf3 Bd7 19. Qf6 Rg8 20. Re4 Be7 21. Qf3 Rf8 22.
Bc1 g5 23. Qh5 Rb4 24. Bd2 Qc7 25. Qxh6 Rb8 26. Bxg5 Bxg5 27. Qxg5 Qa5 28. h4
Rb4 29. h5 Rxa4 30. bxa4 Qc3 31. Rd1 Qc2 32. Ree1 Qxa2 33. h6 Qxa4 34. h7 Qa5
35. Qg8 1-0

[Event "Ogolnopolska Olimpiada Mlodziezy w Sportach Umyslowych - C14"]
[Site "Walbrzych, Zamek Ksiaz"]
[Date "2013-04-17"]
[Round "7.1"]
[White "Wisniewski, Michal"]
[Black "Tomczak, Mikolaj"]
[Result "0-1"]
[WhiteTitle "I"]
[BlackTitle "I+"]
[WhiteElo "1848"]
[BlackElo "1990"]

1. e4 c5 2. Nf3 Nc6 3. Bb5 d6 4. Bxc6+ bxc6 5. O-O e5 6. c3 Nf6 7. Re1 Bg4 8. d3
Be7 9. Nbd2 O-O 10. h3 Be6 11. d4 cxd4 12. cxd4 Nd7 13. Qc2 Rc8 14. dxe5 dxe5
15. Nc4 f6 16. Be3 Nb6 17. Red1 Qc7 18. Ncd2 c5 19. Rac1 c4 20. a3 Qb7 21. Nb1
c3 22. b3 Rc7 23. Rd3 Rfc8 24. b4 Qa6 25. Ne1 Na4 26. Kh2 Bc4 27. b5 Qxb5 28.
Nxc3 Bxd3 29. Nxb5 Rxc2 30. Nxd3 Rxc1 31. Nxc1 a6 32. Na7 Rc7 33. Nb3 Bc5 34.
Nxc5 Nxc5 35. f3 Ne6 36. Bb6 Rc2 37. Kg1 Nf4 38. Bf2 Ne2+ 39. Kf1 Nd4 40. Kg1
Rc7 0-1

[Event "Ogolnopolska Olimpiada Mlodziezy w Sportach Umyslowych - C14"]
[Site "Walbrzych, Zamek Ksiaz"]
[Date "2013-04-17"]
[Round "7.2"]
[White "Wacior, Maciej"]
[Black "Winiarski, Mikolaj"]
[Result "0-1"]
[WhiteTitle "II+"]
[BlackTitle "I+"]
[WhiteElo "1703"]
[BlackElo "2096"]

1. d4 Nf6 2. c4 g6 3. Nc3 d5 4. cxd5 Nxd5 5. e4 Nxc3 6. bxc3 Bg7 7. Nf3 c5 8. Bb5+
Bd7 9. Bxd7+ Nxd7 10. O-O O-O 11. Bb2 a6 12. Re1 b5 13. e5 cxd4 14. cxd4 Nb6 15.
Ng5 Nc4 16. Bc3 Rb8 17. Qb3 Qd5 18. Rad1 b4 19. Ba1 a5 20. Rc1 Rfc8 21. Ne4 Bh6
22. Rc2 Nb6 23. Nc5 Rc6 24. Rce2 Rbc8 25. e6 f6 26. Nd7 Qxb3 27. axb3 Nd5 28.
Nc5 Bf4 29. g3 Bd6 30. Nb7 Bc7 31. Bb2 Bb6 32. Nc5 Bxc5 33. dxc5 Rxc5 34. Rd2
Nc3 35. Rd7 Kf8 36. Bc1 Ke8 37. Ra7 Nb5 38. Rxa5 Rxc1 39. Rxc1 Rxc1+ 40. Kg2 Nc7
0-1

[Event "Ogolnopolska Olimpiada Mlodziezy w Sportach Umyslowych - C14"]
[Site "Walbrzych, Zamek Ksiaz"]
[Date "2013-04-17"]
[Round "7.3"]
[White "Janik, Igor"]
[Black "Grela, Kacper"]
[Result "1/2-1/2"]
[WhiteTitle "I+"]
[BlackTitle "I"]
[WhiteElo "1889"]
[BlackElo "1979"]

1. e4 c5 2. Nf3 Nc6 3. d4 cxd4 4. Nxd4 Nf6 5. Nc3 e5 6. Ndb5 d6 7. Bg5 a6 8. Na3
b5 9. Nd5 Be7 10. Bxf6 Bxf6 11. c4 b4 12. Nc2 O-O 13. Be2 Rb8 14. b3 Bg5 15. O-O
Kh8 16. Bf3 g6 17. a3 bxa3 18. Rxa3 f5 19. Qd3 a5 20. Rd1 Bb7 21. Ra2 f4 22. Rb2
Bh4 23. Qe2 Ba6 24. Rdb1 Ne7 25. b4 Nxd5 26. exd5 Qb6 27. b5 Bc8 28. Be4 Bf5 29.
Bxf5 gxf5 30. Ne1 e4 31. Rb3 Rb7 32. Qd2 Bg5 33. Nc2 Rg7 34. Qd4 Qd8 35. b6 Bf6
36. Qd2 Be5 37. b7 Qg5 38. Ne1 Rb8 39. Qxa5 Bd4 40. Qd2 Bc5 41. Ra1 Rgxb7 42.
Rxb7 Rxb7 43. Ra8+ Kg7 44. Qc3+ Kh6 45. Re8 f3 46. h4 Qxh4 47. Qd2+ Kh5 48. gxf3
Rg7+ 49. Kf1 Rg6 50. fxe4 fxe4 51. Rf8 Qh3+ 52. Ke2 Qg4+ 53. f3 exf3+ 54. Rxf3
Qxc4+ 55. Qd3 Qxd3+ 56. Nxd3 Rg2+ 57. Kf1 Rg1+ 58. Ke2 Bd4 59. Rh3+ Kg6 60. Nf4+
Kf5 61. Ne6 Be5 62. Rxh7 Ke4 63. Rh4+ Kxd5 64. Nf4+ Kc6 65. Nd3 Rg2+ 66. Kf3 Rg3+
67. Ke2 Bg7 68. Rh2 d5 69. Kd2 Kb5 70. Kc2 Kc4 71. Rh4+ d4 72. Nb2+ Kd5 73. Rh5+
Ke4 74. Rh4+ Ke3 75. Rh2 Bf8 76. Rd2 Ke4 77. Re2+ Kd5 78. Nd3 Bd6 79. Rf2 Kc4
80. Nb2+ 1/2-1/2

[Event "Ogolnopolska Olimpiada Mlodziezy w Sportach Umyslowych - C14"]
[Site "Walbrzych, Zamek Ksiaz"]
[Date "2013-04-17"]
[Round "7.4"]
[White "Witczak, Jakub"]
[Black "Pham, Juliusz"]
[Result "1/2-1/2"]
[WhiteTitle "II+"]
[BlackTitle "I"]
[WhiteElo "1749"]
[BlackElo "1795"]

1. e4 e5 2. Nf3 Nc6 3. Bb5 a6 4. Ba4 Nf6 5. O-O b5 6. Bb3 Bc5 7. Nxe5 Nxe5 8. d4
Bxd4 9. Qxd4 d6 10. f4 c5 11. Qd1 Nc6 12. c3 O-O 13. Nd2 Bb7 14. Bc2 Re8 15. Qf3
Qc7 16. Re1 Rad8 17. Qg3 Re7 18. Nf1 Rde8 19. Qf3 Nd8 20. Ng3 c4 21. Kh1 Kh8 22.
Bd2 Bc6 23. f5 d5 24. exd5 Bxd5 25. Qf1 Qc6 26. Rxe7 Rxe7 27. Re1 Rxe1 28. Bxe1
Nb7 29. Bf2 Nd6 30. Bd4 Nde4 31. Nxe4 Bxe4 32. Bxe4 Qxe4 33. Kg1 Qc2 34. Qf4 Qd1+
35. Kf2 Qc2+ 36. Kg1 Qd1+ 37. Kf2 Qc2+ 38. Kg1 Qd1+ 39. Kf2 Qc2+ 40. Kg1 Qd1+
1/2-1/2

[Event "Ogolnopolska Olimpiada Mlodziezy w Sportach Umyslowych - C14"]
[Site "Walbrzych, Zamek Ksiaz"]
[Date "2013-04-17"]
[Round "7.5"]
[White "Koziol, Kamil"]
[Black "Fukowski, Pawel"]
[Result "1-0"]
[WhiteTitle "I++"]
[BlackTitle "I"]
[WhiteElo "2006"]
[BlackElo "1641"]

1. d4 Nf6 2. Nc3 d5 3. Bg5 e6 4. e4 Be7 5. e5 Nfd7 6. h4 Bxg5 7. hxg5 Qxg5 8. Qd3
g6 9. Nf3 Qe7 10. O-O-O a6 11. Qe3 c5 12. dxc5 Qxc5 13. Qf4 Qf8 14. Rxd5 f5 15.
Rd6 Qe7 16. Qc4 O-O 17. Rxe6 Qf7 18. Ng5 Nxe5 19. Rxe5 Qxc4 20. Bxc4+ Kg7 21.
Nxh7 Nc6 22. Nxf8 Nxe5 23. Ne6+ Kf6 24. Nc7 Ra7 25. N3d5+ Kg7 26. Nb6 Bd7 27.
Be6 Kf6 28. Bxd7 Nxd7 29. Nxd7+ Ke7 30. Nb6 1-0

[Event "Ogolnopolska Olimpiada Mlodziezy w Sportach Umyslowych - C14"]
[Site "Walbrzych, Zamek Ksiaz"]
[Date "2013-04-17"]
[Round "7.6"]
[White "Klepek, Witold"]
[Black "Bilczewski, Kacper"]
[Result "1/2-1/2"]
[WhiteTitle "I"]
[BlackTitle "I"]
[WhiteElo "1739"]
[BlackElo "1791"]

1. e4 e5 2. Nf3 Nc6 3. Bc4 Nf6 4. d4 exd4 5. e5 Ng4 6. Qe2 Qe7 7. Bf4 d6 8. exd6
Qxe2+ 9. Bxe2 Bxd6 10. Bxd6 cxd6 11. Na3 Nge5 12. Nb5 d3 13. cxd3 Ke7 14. d4 Nxf3+
15. Bxf3 Bf5 16. Rd1 Kd7 17. O-O Rhe8 18. a3 a6 19. Nc3 Rad8 20. h4 h6 21. g4
Bh7 22. g5 Bf5 23. Kg2 hxg5 24. hxg5 Rh8 25. Rh1 Rxh1 26. Rxh1 Re8 27. d5 Ne5
28. Be4 Bxe4+ 29. Nxe4 Nd3 30. f3 Nf4+ 31. Kg3 Nxd5 32. Rd1 Kc6 33. Rc1+ Kd7 34.
Rd1 Kc6 35. Rc1+ Kd7 36. Rd1 1/2-1/2